Key research on easier home buying and selling (Record no. 97574)
[ view plain ]
| 000 -LEADER | |
|---|---|
| fixed length control field | 01753cam a2200349 4500 |
| 008 - FIXED-LENGTH DATA ELEMENTS--GENERAL INFORMATION | |
| fixed length control field | 090401t1998 xxu||||| |||| 00| 0 eng d |
| 020 ## - INTERNATIONAL STANDARD BOOK NUMBER | |
| International Standard Book Number | 1851121331 |
| 035 ## - SYSTEM CONTROL NUMBER | |
| System control number | (Sirsi) u90667 |
| 041 ## - LANGUAGE CODE | |
| Language code of text/sound track or separate title | eng |
| 050 ## - LIBRARY OF CONGRESS CALL NUMBER | |
| Classification number | 333.33 |
| -- | 18 |
| 100 ## - MAIN ENTRY--PERSONAL NAME | |
| Personal name | Randolph, Bill |
| 245 ## - TITLE STATEMENT | |
| Title | Key research on easier home buying and selling |
| 260 ## - PUBLICATION, DISTRIBUTION, ETC. | |
| Place of publication, distribution, etc. | London |
| Name of publisher, distributor, etc. | DETR |
| Date of publication, distribution, etc. | 1998 |
| 300 ## - PHYSICAL DESCRIPTION | |
| Extent | 119p. |
| Dimensions | 30cm. |
| 350 ## - PRICE (NR) (BK AM CF MU VM SE) [OBSOLETE] | |
| Price | 12 |
| 490 ## - SERIES STATEMENT | |
| Series statement | DETR Housing Research Report |
| 520 ## - SUMMARY, ETC. | |
| Summary, etc. | A study of the home buying and selling process in the UK which reveals that: it typically takes eight weeks from acceptance of an offer on a property to exchange of contract; that well prepared buyers and sellers experience fewer delays; the typical cost of a transaction is £1 060 to the buyer and £1 400 to the seller; the process is inefficient; and that all parties more information should be offered in advance. The report forms a part of the OPDM home buying and selling policy website which outlines the development of the Housing Bill and HIPs. View at www.housing.odpm.gov.uk. |
| 650 ## - SUBJECT ADDED ENTRY--TOPICAL TERM | |
| Topical term or geographic name entry element | HOME INFORMATION PACKS |
| 650 ## - SUBJECT ADDED ENTRY--TOPICAL TERM | |
| Topical term or geographic name entry element | PROPERTY-RESIDENTIAL PROPERTY-ACQUISITION AND DISPOSAL OF RESIDENTIAL PROPERTY |
| 650 ## - SUBJECT ADDED ENTRY--TOPICAL TERM | |
| Topical term or geographic name entry element | HOUSE SALES |
| 650 ## - SUBJECT ADDED ENTRY--TOPICAL TERM | |
| Topical term or geographic name entry element | PROPERTY-RESIDENTIAL PROPERTY-ACQUISITION AND DISPOSAL OF RESIDENTIAL PROPERTY |
| 690 ## - LOCAL SUBJECT ADDED ENTRY--TOPICAL TERM (OCLC, RLIN) | |
| Topical term or geographic name as entry element | HOUSING |
| 700 ## - ADDED ENTRY--PERSONAL NAME | |
| Personal name | Wagstaff, Michael |
| 700 ## - ADDED ENTRY--PERSONAL NAME | |
| Personal name | Kendall, Lee |
| 700 ## - ADDED ENTRY--PERSONAL NAME | |
| Personal name | Robertson, Douglas. |
| 710 ## - ADDED ENTRY--CORPORATE NAME | |
| Corporate name or jurisdiction name as entry element | PS Martin Hamblin |
| 9 (RLIN) | 3745 |
| 710 ## - ADDED ENTRY--CORPORATE NAME | |
| Corporate name or jurisdiction name as entry element | University of Stirling |
| 9 (RLIN) | 586 |
| 710 ## - ADDED ENTRY--CORPORATE NAME | |
| Corporate name or jurisdiction name as entry element | United Kingdom |
| Subordinate unit | Department of the Environment, Transport and the Regions |
| 9 (RLIN) | 3507 |
| 856 ## - ELECTRONIC LOCATION AND ACCESS | |
| Uniform Resource Identifier | <a href="https://www.communities.gov.uk/index.asp?id=1151069">https://www.communities.gov.uk/index.asp?id=1151069</a> |
| Hours access method available | View the research on the ODPM website... |
| 942 ## - ADDED ENTRY ELEMENTS (KOHA) | |
| Suppress in OPAC | 0 |
| 948 ## - LOCAL PROCESSING INFORMATION (OCLC); SERIES PART DESIGNATOR (RLIN) | |
| c (OCLC) | 12/01/1999 |
| Withdrawn status | Lost status | Source of classification or shelving scheme | Damaged status | Not for loan | Home library | Current library | Shelving location | Date acquired | Cost, normal purchase price | Total Checkouts | Full call number | Barcode | Date last seen | Date last checked out | Copy number | Cost, replacement price | Price effective from | Koha item type |
|---|---|---|---|---|---|---|---|---|---|---|---|---|---|---|---|---|---|---|
| Dewey Decimal Classification | London | London | Folio | 21/04/1999 | 13.80 | 3 | F333.33 | 30058226 | 06/08/2019 | 23/03/2005 | 1 | 13.80 | 06/08/2019 | Book | ||||
| Dewey Decimal Classification | Virtual | Virtual | Online | 30/05/2003 | ONLINE PUBLICATION | 90667-2001 | 06/08/2019 | 1 | 06/08/2019 | Book |